Movies Quiz

Random Movies or Cast Quiz

Nominations in All Acting Categories Quiz Stats

 Plays Quiz Updated Mar 9, 2020

Support Sporcle.
Go Orange.
Score 0/64 Timer 10:00
0 Plays Today
% Correct
Jennifer Lawrence
91.6%
Bradley Cooper
89.8%
Bradley Cooper
88.6%
Jennifer Lawrence
87.9%
Marlon Brando
82.4%
Gary Cooper
80.8%
Christian Bale
78.4%
Amy Adams
78.4%
Robert De Niro
77%
Warren Beatty
76.9%
Warren Beatty
76.9%
Faye Dunaway
75.1%
Faye Dunaway
75.1%
Katharine Hepburn
73.1%
Elizabeth Taylor
72.6%
Ned Beatty
72.3%
Vivien Leigh
64.5%
Spencer Tracy
62.4%
Jane Fonda
62.2%
Richard Burton
60.3%
Jon Voight
57.2%
Frank Sinatra
56.9%
Peter Finch
56.1%
Burt Lancaster
52.5%
William Holden
48.9%
William Holden
48.9%
Diane Keaton
48%
Gloria Swanson
45.6%
Deborah Kerr
44.3%
Jack Nicholson
44.2%
Gene Hackman
43.6%
Greer Garson
41.9%
% Correct
Karl Malden
38.8%
Ingrid Bergman
31.7%
Jacki Weaver
31.3%
Montgomery Clift
30.9%
Donna Reed
30.2%
Sandy Dennis
29.4%
Kim Hunter
29.1%
Maureen Stapleton
27%
Estelle Parsons
26.3%
Bruce Dern
24.3%
Jane Wyman
24.3%
George Segal
23.4%
Beatrice Straight
23.4%
William Powell
23.2%
Teresa Wright
22.5%
Carole Lombard
19.7%
Walter Pidgeon
19.3%
Erich von Stroheim
17%
Michael J. Pollard
16.6%
Katina Paxinou
13%
Beah Richards
12.3%
Nancy Olson
11%
Lew Ayres
10%
Cecil Kellaway
9%
May Whitty
8.8%
Penelope Milford
8.6%
Alice Brady
8.2%
Agnes Moorehead
8.1%
Akim Tamiroff
7.5%
Mischa Auer
7.2%
Henry Travers
7.1%
Charles Bickford
7%

You're not logged in!

Compare scores with friends on all Sporcle quizzes.
OR
Log In

From the Vault

Flags of the World

by SporcleAdmin

Sometimes quizzes are easy, and sometimes they are this one. Enjoy.
Remove Ads.
Support Sporcle.
Get the best of Sporcle when you Go Orange. This ad-free experience offers more features, more stats, and more fun while also helping to support Sporcle. Thank you for becoming a member.

Show Comments

Extras

Top Quizzes Today


Score Distribution

Your Account Isn't Verified!

In order to create a playlist on Sporcle, you need to verify the email address you used during registration. Go to your Sporcle Settings to finish the process.

Report this User

Report this user for behavior that violates our Community Guidelines.

Details: